Vögel - Sudden Death - Statistiken

Allgemein
  • Dieses Quiz wurde 444 mal gespielt
  • Das Durchschnittsergebnis liegt bei 8 aus 16
Answers on the Grid
Answers color-coded by a green-red scale on the quiz's grid according to % correct below.
Albatros
Anchovi
Assel
Axolotl
Aye-Aye
Dommel
Dohle
Getreidehähnchen
Goldregenpfeifer
Haubentaucher
Hoatzin
Kaiman
Kakapo
Kasuar
Kleiner Kurier
Kormoran
Kupferkopf
Merlin
Milan
Nandu
Neunauge
Okapi
Plattkopf
Rotfeder
Schwarze Mamba
Stör
Triel
Tupaja
Wachtel
Wiedehopf
Ziegenmelker
Zikade
 
Antwortstatistiken
Antwort % Korrekt
Wachtel
75%
Albatros
71%
Milan
69%
Haubentaucher
66%
Dohle
63%
Wiedehopf
56%
Nandu
54%
Kormoran
51%
Goldregenpfeifer
46%
Dommel
41%
Kasuar
36%
Ziegenmelker
36%
Kakapo
35%
Merlin
25%
Triel
17%
Hoatzin
16%
Keine übereinstimmenden Quizze gefunden
Verteilung der Resultate
Anzahl Personen mit jedem Resultat
Perzentil nach korrekt beantworteten Fragen
Ihre Resultats-Entwicklung
Sie haben dieses Quiz noch nicht gespielt